000 00446nam a22001217a 4500
082 _a200 THE
100 _aAzka Asif
_970112
245 _aTH-SOF-1717-Development of Microstructure for Mechanical Fatigue Testing of Thin Film Silicon used for Fabrication of MEMS Inertial Sensors
260 _aIslamabad
_bNUST College of EME
_c2019
650 _aMS-MTS-17 MSTHESIS
_970113
700 _aSupervison Dr.Muhammad Mubasher Saleem
_970114
942 _cCF
999 _c577149
_d577149